MARC

LEADER 00000nam0a2200000 4500
001 286787
005 20231101235927.0
035 |a (RuTPU)RU\TPU\book\311132 
090 |a 286787 
100 |a 20150310d1974 m y0rusy5003 ca 
101 0 |a rus 
102 |a RU 
105 |a y z 000zy 
200 1 |a Керчь героическая. Воспоминания. Очерки. Документы.  |f сост. Н. А. Сирота 
210 |a Симферополь  |c Таврия  |d 1974 
215 |a 237 с. 
606 1 |a Города-герои  |y Керчь  |2 stltpush  |3 (RuTPU)RU\TPU\subj\66784  |9 82818 
610 0 |a история 
610 0 |a 20 век 
610 0 |a Великая Отечественная война 1941-1945 
610 0 |a немецкий фашизм 
610 0 |a Керченский полуостров 
610 0 |a тыл 
610 0 |a оборонительные операции 
610 0 |a воспоминания 
686 |a Т3(2)622,82  |2 rubbk 
702 1 |a Сирота  |b Н. А.  |g Наум Абрамович  |4 220 
801 0 |a RU  |b RuMRKP  |c 19950417  |g psbo 
801 1 |a RU  |b 63413507  |c 20150310 
801 2 |a RU  |b 63413507  |c 20170315  |g RCR 
942 |c BK